Lebron Vs Curry - Statistics

General Stats
  • This quiz has been taken 142 times
  • The average score is 11 of 15
Answer Stats
Question Answer % Correct
Has the most 3 pointers made ever Curry
96%
Won the 3 point contest Curry
96%
Has more Finals Mvp Lebron
96%
Drafted # 1 overrall Lebron
94%
Won rookie of the year Lebron
88%
Has more regular season Mvp Lebron
87%
Won the most championships Both
83%
Made more all Nba first team Lebron
83%
Won the in-season tournament Lebron
73%
Won back to back championship Both
65%
Scored 54 points against the Knicks Curry
65%
Led the leaague in assists Lebron
65%
Lead the league in steals Curry
50%
Came back from a 3-1 deficit Both
27%
Led the league in scoring Curry
12%
No matching quizzes found
Score Distribution
Percent of People with Each Score
Percentile by Number Answered
Your Score History
You have not taken this quiz